000 00433nam a2200181Ia 4500
001 1291
005 20260306140621.0
008 260306t2004||||xx |||||||||||||| ||spa||
041 _aESP
082 _a193
_bG23
100 _aGarcía Morente, Manuel
_eAUT
245 0 _aLa filosofía de Kant:
_buna introducción a la filosofía
260 _c2004
300 _a
_c
650 _aGEN
654 _aCHU
942 _cLIB
_dJUS
_fJUS
_2ddc
_n
999 _c1291
_d1291